Statystyki dla Polskie Litery

Kliknij tutaj aby rozwiązać quiz!

Ogólne statystyki

  • Ten quiz został rozwiązany 344 razy
  • Średni wynik to 31 z 32

Statystyki odpowiedzi

NumerLitera% Poprawnych
1.A
100%
2.Ą
100%
4.C
100%
5.Ć
100%
7.E
100%
8.Ę
100%
15.L
100%
16.Ł
100%
3.B
98%
6.D
98%
9.F
98%
10.G
98%
11.H
98%
12.I
98%
13.J
98%
14.K
98%
17.M
98%
20.O
98%
21.Ó
98%
22.P
98%
24.S
98%
25.Ś
98%
26.T
98%
27.U
98%
18.N
97%
19.Ń
97%
23.R
97%
28.W
97%
30.Z
96%
31.Ź
96%
32.Ż
96%
29.Y
95%

Rozkład punktacji

Percentyl według liczby udzielonych odpowiedzi

Procent ludzi z każdym wynikiem

Twoja historia wyników

Nie rozwiązałeś tego quizu